[Event "RUS-ch Superfinal"]
[Site "Moscow"]
[Date "2005.12.19"]
[Round "1"]
[White "Tomashevsky, Evgeny"]
[Black "Morozevich, Alexander"]
[Result "1/2-1/2"]
[WhiteElo "2564"]
[BlackElo "2707"]
[Annotator "Stohl,I"]
[PlyCount "83"]
[EventDate "2005.12.19"]
[EventType "tourn"]
[EventRounds "11"]
[EventCountry "RUS"]
[EventCategory "17"]
[SourceTitle "CBM 111"]
[Source "ChessBase"]
[SourceDate "2006.04.04"]
[SourceVersion "1"]
[SourceVersionDate "2006.04.04"]
[SourceQuality "1"]

1. Nf3 c5 2. c4 Nc6 3. d4 cxd4 4. Nxd4 Nf6 5. g3 (5. Nc3 e6 {-A33}) 5... Qb6 6.
Nc2 (6. Nb5 $5 {is still played rarely, but it deserves more attention:} a6 (
6... Ne5 7. Bg2 d6 8. Be3 Qa5+ 9. Bd2 Qb6 10. O-O $6 (10. b3 $142 $14) 10...
Nxc4 11. Qa4 Bd7 12. Qxc4 Bxb5 13. Qc2 Bc6 14. e4 e6 15. Nc3 Be7 16. b4 {
Narciso Dublan,M-Garcia Romero,B/Navalmoral de la Mata/2004/} O-O $17) 7. N5c3
g6 (7... e6 8. Bg2 Be7 9. O-O d6 10. Na4 Qc7 11. Be3 Nd7 12. Nbc3 O-O 13. Rc1
Nce5 14. b3 Rb8 15. Ba7 Ra8 16. Bd4 Rb8 17. f4 Ng6 18. h4 Bf6 19. Bf2 Nc5 20.
Nxc5 dxc5 21. h5 Rd8 22. Qc2 Nf8 23. Ne4 Be7 24. h6 $36 {Labollita,M-Pierrot,J/
Asuncion/2003/}) 8. Bg2 d6 9. O-O Bg7 10. b3 O-O 11. Bb2 Qa5 12. Nd2 Qh5 13. e4
Qxd1 14. Rfxd1 Nd7 15. Rab1 Nc5 16. Nd5 Be6 17. Bxg7 Kxg7 18. Nf1 b5 19. b4 Nd7
20. Nfe3 $14 {Topalov,V-Karjakin,S/Leon/2003/}) 6... h5 $5 {Morozevich has
high ambitions and plays the opening very aggressively even with Black.} ({
An enterprising try to quickly solve the opening problems is} 6... Ne5 7. b3 (
7. Ne3 Nfg4 8. Nxg4 Nxg4 9. e3 Qc6 10. Qd5 Nf6 11. Qxc6 dxc6 12. Bg2 e5 13. O-O
Be6 14. b3 O-O-O 15. Bb2 Nd7 16. Nd2 f6 17. Rad1 Nc5 18. Ba1 Be7 $11 {Filippov,
V-Malinin,Y/Omsk-Perm/1998/}) 7... d5 {, but White retains some pressure in a
Catalan-like position after} 8. cxd5 Qa5+ 9. Qd2 Qxd5 10. Qxd5 Nxd5 11. Bg2 e6
12. Bb2 Nb4 (12... f6 13. O-O Bd7 14. Rd1 Rc8 15. Nba3 b5 16. Bxd5 exd5 17.
Bxe5 fxe5 18. Rxd5 Be7 19. Rad1 Bc6 20. Rxe5 Kf7 21. Rf5+ Kg6 22. Rf4 $16 {
Filippov,V-Balashov,Y/Samara/1998/}) 13. Ne3 Nbc6 14. O-O f6 15. Rc1 Be7 16.
Nd2 Kf7 17. Bxe5 Nxe5 18. Rc7 Rd8 19. Ndc4 Nxc4 20. Nxc4 $14 {Horvath,J-Cao
Sang/HUN-chT 9899/1999/}) ({Lately Black has usually played} 6... e6 {, which
is arguably the most solid alternative.} 7. Bg2 d5 8. O-O Be7 (8... dxc4 $5) 9.
cxd5 exd5 10. Nc3 O-O 11. Nxd5 Nxd5 12. Qxd5 Be6 13. Qh5 $146 Bf6 14. e4 Ne5
15. Ne3 Nd3 16. a4 Rac8 $44 17. Qe2 Qb3 18. Nd5 Bxd5 19. exd5 Rc2 20. Qf3 Rxc1
21. Raxc1 Nxc1 22. Rxc1 Qxa4 23. Rc7 Qb4 24. d6 $11 {Stefanova,A-Karjakin,S/
Wijk aan Zee-B/2005/}) 7. h3 Ne4 $146 (7... Ne5 8. Ne3 e6 9. Bg2 h4 10. g4 Bb4+
11. Bd2 Ng6 12. Nc3 Nf4 13. Bf3 Be7 14. Qb3 g5 {1/2,Fang,J-Turov,M/Budapest/
2003/} 15. Ng2 $16) 8. e3 Qa5+ 9. Nd2 Qf5 10. Nf3 (10. Nxe4 Qxe4 11. f3 (11.
Rg1 g6 (11... Ne5 $6 12. Nd4 $36) 12. Nd4 (12. Bd3 $6 Qe6 $36) 12... Bg7 $1 (
12... Nxd4 13. Qxd4 Qxd4 14. exd4 Bg7 15. Be3 d6 16. Bg2 Bd7 $14 {/=}) 13. Bg2
Qe5 $11) 11... Qg6 12. Rg1 d6 (12... e6 $5 {[%cal Yd7d5] /\d5}) 13. Nd4 $13) (
10. Qf3 $2 Nxg3 $1 $17) 10... Qa5+ 11. Nd2 Nc5 (11... Ne5 $2 12. b4 $18) (11...
Qf5 $11 {However, already on move 6 Black has indicated he has higher
ambitions.}) 12. Be2 (12. Rb1 $2 Ne5 $36) 12... g6 13. Rb1 $1 Qc7 (13... Na4
14. Nd4 $1 $36) 14. Nd4 (14. b4 Ne6 15. Bb2 Bg7 16. Bxg7 Nxg7 17. b5 $5 {
/\Nb4+/=}) 14... Bg7 (14... Nb4 $143 15. N2f3 Nxa2 $6 16. Bd2 Na6 17. Qb3 N2b4
18. Bxb4 Nxb4 19. Qxb4 e5 20. Qc3 $16) 15. b4 (15. Nb5 Qb8 16. b4 Ne6 17. Nf3
a5 $132) 15... Ne6 16. Nxe6 dxe6 17. Bb2 $14 Bxb2 18. Rxb2 b6 19. Qb3 (19. O-O
h4 20. g4 $14) 19... Bb7 20. Qc3 O-O 21. Rg1 $2 (21. O-O $142 $14 {/~~ was
still more reasonable, now White's K will be vulnerable in the [+], while his
>>-> chances are negligible.}) 21... Rfd8 22. f4 a5 $1 23. b5 (23. a3 $5 axb4
24. axb4 $13 {/\} e5 25. b5) 23... Nb4 {[%cal Yb4d5,Yd5f6] /\Nd5-f6} 24. Qb3 (
24. e4 Rd7 $5 25. a3 Nd3+ 26. Bxd3 Qc5 27. Kf1 Qe3 28. Rb3 Rad8 $36) 24... Qd6
(24... Qc5 $5 25. Kf2 Qf5 $36) 25. a3 {To lessen the danger to his K, White
forces an _|_, in which he retains <=> despite losing a P.} (25. Kf2 e5 $1 $40)
25... Nd3+ 26. Bxd3 Qxd3 27. Qxd3 Rxd3 28. Ke2 Rxa3 29. c5 $1 {[%mdl 64] []
From now on the game enters an interesting tactical phase.} bxc5 30. Rc1 Rd8 (
30... a4 $142 $5 31. Rxc5 Ra1 $17) 31. Rxc5 $6 (31. Nb3 $142 c4 32. Rxc4 Bd5
33. Rd4 $15) 31... Rdd3 32. Rc7 (32. Nc4 Rac3 $17 {[%cal Rb7d5,Rd3e3] /\Bd5,Re3
}) 32... Rxe3+ 33. Kf2 Bd5 34. Rd7 Rxg3 $2 (34... h4 $1 35. Rxd5 (35. gxh4 Rxh3
36. Rxd5 exd5 37. b6 Rh2+ 38. Kg1 Rxd2 39. Rxd2 Rb3 40. Rxd5 Rxb6 41. Rxa5 Rb4
$19) 35... hxg3+ 36. Kf1 exd5 37. b6 g2+ 38. Kxg2 (38. Kf2 Re2+ $19) 38... Re2+
39. Kf1 Rxd2 40. Rxd2 Rb3 41. Rxd5 Rxb6 42. Rxa5 Rb4 $19) 35. Rxd5 exd5 36. b6
Rgd3 37. Ke2 $1 (37. b7 $2 Rxd2+ 38. Rxd2 Rb3 $19) 37... Re3+ 38. Kf1 (38. Kd1
Ra1+ 39. Nb1 $8 (39. Kc2 $2 d4 $1 40. Rb5 Ra2+ 41. Kd1 Rd3 42. b7 Rdxd2+ 43.
Kc1 Kh7 44. b8=Q Rac2+ 45. Kb1 d3 46. Ka1 Rf2 $19) 39... Ra2 40. Rxa2 Rb3 41.
Nd2 Rxb6 42. Rxa5 $11) 38... Ra1+ $138 (38... Ra4 $1 39. b7 Rxf4+ 40. Kg2 Re2+
41. Kg3 e5 42. b8=Q+ Kg7 43. Nf3 (43. h4 Re3+ 44. Kg2 Re2+ $11) 43... h4+ 44.
Nxh4 Re3+ 45. Kg2 Rxh4 $44 {/=}) 39. Nb1 $2 $138 (39. Kf2 $142 Rae1 40. b7
R1e2+ 41. Kg1 Rg3+ (41... Re1+ 42. Nf1 Rg3+ 43. Kf2 Re2+ 44. Rxe2 Rb3 45. Rxe7
$18) 42. Kf1 Rgg2 43. b8=Q+ Kg7 44. Qa7 (44. Qb6 Rxd2 $11) 44... Rxd2 45. Rxd2
Rxd2 46. Qxe7 $14) 39... a4 $2 (39... Rxh3 $1 40. Kg2 (40. b7 $2 Rxb1+ 41. Rxb1
Rh1+ $19) 40... Ra2 $1 (40... Re3 41. Kf2 (41. b7 $2 Re2+ $19) 41... Ra2 $1 $17
{is similar to the main line.}) 41. Rxa2 Rb3 42. Nd2 Rxb6 $17) 40. b7 a3 41.
b8=Q+ Kh7 42. Qf8 (42. Qf8 axb2 43. Qxf7+ Kh8 (43... Kh6 44. Qg8 $1 Rxb1+ 45.
Kf2 Rf1+ 46. Kxe3 d4+ 47. Ke2 Rxf4 48. Qb8 $14) 44. Qxg6 (44. Qf8+ $11) 44...
Re4 45. Qxh5+ (45. Qh6+ Kg8 46. Qg6+ Kf8 47. Qh6+ $11) 45... Kg7 46. Qd1 Rxf4+
47. Ke2 e5 $44) (42. Rb7 a2 43. Kf2 Re4 $11) (42. Kf2 axb2 (42... Rxh3 $44) 43.
Qxb2 Rxb1 44. Qxb1 Rxh3 $11) 1/2-1/2

[Event "Moscow4"]
[Site "Moscow"]
[Date "1992.??.??"]
[Round "?"]
[White "Sokolovs, Andrei"]
[Black "Piesina, Gintautas"]
[Result "1-0"]
[WhiteElo "2435"]
[BlackElo "2415"]
[Annotator "Stohl,I"]
[PlyCount "57"]
[EventDate "1992.??.??"]
[EventType "tourn"]
[EventRounds "11"]
[EventCountry "RUS"]
[EventCategory "7"]
[SourceTitle "CBM 030"]
[Source "ChessBase"]
[SourceDate "1992.10.01"]
[SourceVersion "1"]
[SourceVersionDate "1992.10.01"]
[SourceQuality "1"]

1. e4 {Ribli} c5 2. Nf3 e6 3. c4 $5 (3. d4 cxd4 4. Nxd4 {-B47}) 3... b6 (3...
Nc6 $142 $5 4. d4 (4. Nc3 Nf6 $10 {/\d5}) 4... cxd4 5. Nxd4 Nf6 6. Nc3 Bb4 7.
Nxc6 bxc6 (7... dxc6 8. Qxd8+ Kxd8 9. e5 Ne4 10. a3 $1 Bxc3+ 11. bxc3 Kc7 12.
h4 b6 13. Rh3 f5 14. exf6 gxf6 15. Bh6 Rg8 16. Re3 $16 {^^|^_|_,Benjamin,
J-Chandler,M,Cannes tt 1992-CBM 28}) 8. Bd3 e5 9. O-O O-O 10. Qe2 $5 (10. Bg5
h6 11. Bh4 Bc5 12. a3 a5 13. Qd2 d6 14. Kh1 Be6 15. f4 exf4 16. Rxf4 g5 17.
Raf1 Bd4 $1 18. R4f3 Ng4 $1 19. Bg3 Ne5 20. Bxe5 Bxe5 $17 {Christiansen,
L-Ribli,Z,GER-CupT f 1992-CBM 29}) 10... d6 11. Na4 c5 12. Rd1 h6 13. Bc2 Qc7
14. Qd3 Rd8 15. a3 Ba5 16. Rb1 Bb7 (16... Rb8 $5 $132 {/\Bb7-c6}) 17. Qe2 Rac8
18. b4 cxb4 19. axb4 Bb6 20. Nxb6 axb6 21. Bd3 $14 {Chandler,M-Ribli,Z,BL 91/92
}) 4. Nc3 Bb7 5. Be2 (5. d4 cxd4 6. Nxd4 d6 7. f3 Nf6 8. Be3 Be7 9. Qa4+ $5 (9.
Be2 {-5.Be2}) (9. Qd2 O-O 10. O-O-O $5 a6 11. Kb1 $13) 9... Nfd7 10. Be2 O-O
11. O-O a6 12. Qc2 Qc7 13. Rac1 Nf6 14. Rfd1 Nbd7 15. Bf1 Rac8 16. Qf2 Qb8 17.
a3 Bd8 18. Kh1 Ne5 19. b3 Kh8 20. Nde2 Ba8 21. Ng3 Bc7 22. Rc2 $5 Rg8 23. Na4
b5 24. Nb2 Bc6 25. Nd3 Nxd3 26. Bxd3 Qb7 27. Rdc1 $14 {Matlak,M-Vojtkievich,A,
Polanica Zdroj 1988}) 5... d6 6. d4 cxd4 7. Nxd4 Nf6 8. f3 Nbd7 9. O-O a6 10.
Be3 Be7 (10... Rc8 $142 $5 {/\} 11. a4 Ne5 $132) 11. Qd2 (11. a4 $1 O-O 12. a5
bxa5 13. Nb3 Rb8 14. Nxa5 Ba8 15. Qd2 Qc7 16. Rfc1 Ne5 17. Na4 Bc6 18. b4 Bxa4
19. Rxa4 Nfd7 20. Raa1 $16 {Ivanchuk,V-Adams,M,Dortmund 1992-CBM 29}) (11. Rc1
O-O 12. b4 Rc8 13. Qb3 Rc7 14. Rfd1 Qb8 15. a4 Rfc8 16. Nc2 Ba8 $13 {
Ljubojevic,L-Seirawan,Y,Roquebrune rapid 1992-CBM 28}) 11... O-O 12. Rfd1 Qc7
13. Bf1 Rac8 14. Rac1 Rfe8 (14... Qb8 $142 15. Qf2 Bd8 $132 {Pogorelov,
R-Kuporosov,V,Budapest Schneider mem 1991-TD 91_05}) (14... Rfd8 {Ribli} 15.
Kh1 Qb8 16. Bf2 $6 Bf8 $13 {Benko,P-Dzindzichasvili,R New York op 1991 CBM/23})
15. Qf2 Qb8 16. b4 Kh8 (16... Bd8 17. Nb3 Bc7 18. g3 $14 {/\Na4,c5-><<}) 17.
Nb3 Bd8 18. g3 $1 Rg8 (18... Bc7 19. c5 $36 (19. Rb1 $5 {/\Rdc1,c5|^})) 19. Na4
g5 $6 (19... Bc6 $2 20. b5 $16) (19... Ba8 $142 20. Bf4 $5 (20. c5 b5 21. Nc3 (
21. Nb6 Nxb6 22. cxb6 Rxc1 23. Rxc1 Nd7 {><b6}) 21... d5 $5 $132) 20... Bc7 21.
c5 dxc5 22. Bxc7 Rxc7 23. bxc5 b5 $14) (19... Ba8 {Ribli}) 20. Nxb6 $16 Bxb6 (
20... Nxb6 21. Bxb6 g4 22. Ba7 Qc7 (22... Qa8 23. Rxd6 gxf3 24. Bd4 $16 {
/\Rd8+-}) 23. c5 $16) 21. Bxb6 g4 22. Ba7 Qc7 (22... Qa8 23. Rxd6 gxf3 (23...
Ne5 {Ribli} 24. Bd4 Nxf3+ 25. Qxf3 gxf3 26. Bxf6+ Rg7 27. Rcd1 $146) 24. Bd4 {
/\Rd7} e5 25. Rxf6 $1 Nxf6 26. Bxe5 Rg6 27. Qxf3 $16) 23. c5 $1 Ne5 (23... gxf3
24. cxd6 Qd8 25. Qxf3 $16) (23... d5 24. Na5 {/\c6+-}) 24. cxd6 Qd7 25. Bd4 $1
Rxc1 (25... Nxf3+ 26. Qxf3 $1 gxf3 27. Bxf6+ Rg7 28. Rxc8+ Bxc8 29. Nc5 Qc6 30.
d7 $18) 26. Bxe5 $1 $18 (26. Rxc1 Nxf3+ $13) 26... Rxd1 $8 27. Nc5 $1 Rxf1+ $6
(27... Qb5 28. Bxf6+ Rg7 29. d7 {/\d8Q+-} Qxb4 (29... Qb6 30. Qb2 $18) 30.
d8=Q+ Rxd8 31. Bxd8 $18) (27... Qc6 28. Bxf6+ Rg7 29. d7 Rxd7 30. Nxd7 Qxd7 31.
Qb2 $18) 28. Qxf1 Qd8 29. Nxb7 {[Stohl]} 1-0

[Event "Bundesliga 0506"]
[Site "Germany"]
[Date "2006.03.12"]
[Round "13.5"]
[White "Dautov, Rustem"]
[Black "Kalinitschew, Sergey"]
[Result "1/2-1/2"]
[WhiteElo "2595"]
[BlackElo "2478"]
[Annotator "Stohl,I"]
[PlyCount "101"]
[EventDate "2005.10.21"]
[EventType "team-tourn"]
[EventRounds "15"]
[EventCountry "GER"]
[SourceTitle "CBM 112"]
[Source "ChessBase"]
[SourceDate "2006.06.07"]
[SourceVersion "1"]
[SourceVersionDate "2006.06.07"]
[SourceQuality "1"]
[WhiteTeam "Baden-Baden"]
[BlackTeam "Kreuzberg"]
[WhiteTeamCountry "GER"]
[BlackTeamCountry "GER"]

1. d4 Nf6 2. c4 g6 3. g3 c5 4. Nf3 Nc6 $5 5. Bg2 d6 {An interesting move-order.
Black is not worried about allowing the Yugoslav Variation (E66, after 6.d5),
but, on the other hand, wants to avoid} (5... cxd4 6. Nxd4 Bg7 7. O-O O-O 8.
Nc3 {-A39 , and prefers to comfortably develop his Bc8.}) 6. O-O cxd4 7. Nxd4
Bd7 8. Nc3 Bg7 9. Nc2 (9. b3 {is rather soft and can be also met by} h5 $5 10.
Bb2 (10. h4 Ng4 $5 (10... O-O 11. Bb2 Qa5 {/\Rfc8=}) 11. e3 (11. Nxc6 bxc6 12.
Bb2 g5 13. hxg5 h4 14. gxh4 Qa5 15. Qd3 Rxh4 $44 {Syrchikov,A-Dvoirys,S/
Omsk-Perm/1998/}) 11... Nge5 12. Bb2 Bg4 13. f3 Bd7 14. Nd5 O-O 15. Qe2 a6 16.
Rfd1 e6 17. Nc3 Nxd4 18. exd4 Nc6 19. Ne4 d5 20. cxd5 exd5 21. Nc5 Bf5 22. Qf2
Qb6 23. Bf1 Rac8 24. Rac1 Rfe8 $15 {Lopushnoy,D-Dvoirys,S/Tomsk/1997/}) 10...
h4 11. Nxc6 Bxc6 (11... bxc6 $5 $13) 12. Nd5 hxg3 13. hxg3 Bxd5 14. cxd5 Rc8
15. Qd2 Qd7 16. Rac1 O-O 17. Bxf6 Bxf6 18. Rxc8 Rxc8 19. Rc1 $11 {1/2,Van der
Sterren,P-Lerner,K/BL 9899/1998/}) 9... h5 {Black tries to avoid the
Maroczy-like positional squeeze and seeks activity.} (9... O-O 10. Bd2 $5 (10.
b3 Qa5 11. Bb2 (11. Bd2 Rfc8 12. h3 Rab8 13. Rc1 a6 14. e4 b5 15. Nd5 Qd8 16.
cxb5 Rxb5 17. Nce3 Nxd5 18. Nxd5 Rc5 19. Rxc5 dxc5 20. Re1 e6 21. Ne3 Nb4 22.
Nc4 Bb5 $11 {Hjartarson,J-Petursson,M/Gardaboer/1996/}) 11... Rfc8 12. Nd5 Nxd5
13. Bxg7 Nc3 14. Bxc3 Qxc3 15. Ne3 Be6 16. Nd5 Bxd5 17. Bxd5 Rab8 18. e3 Nb4
19. Be4 a5 20. Qe2 Qe5 21. Bg2 b5 $132 {Hansen,C-Petursson,M/Reykjavik/2000/})
10... a6 (10... Be6 $142 11. Ne3 Qd7 $132) 11. b3 Rb8 12. a4 Na5 13. Rb1 Qc7
14. Nb4 Bc6 15. e4 e6 16. Qe2 Rfd8 17. Rfc1 Be8 18. Bf4 Qb6 19. Nd3 Rbc8 20. e5
dxe5 21. c5 Qa7 22. Bxe5 Bc6 {Loginov,V-Lerner,K/Oberwart/1995/} 23. Bf3 $5 $36
) 10. h4 (10. Bg5 Nh7 11. Bf4 Rc8 12. Nd5 h4 13. Qd2 Nf6 14. Nce3 h3 (14... Nh5
$5 $13) 15. Bf3 Nh5 16. Bxh5 Rxh5 17. g4 Rh8 18. Rad1 Ne5 19. Qb4 Nxg4 20. Nxg4
Bxg4 21. c5 Rxc5 22. Qxc5 dxc5 23. Nc7+ Qxc7 24. Bxc7 f6 25. Rd8+ Kf7 26. Rxh8
Bxh8 27. Rc1 Bxe2 28. Rxc5 f5 $11 {Akopian,V-Dvoirys,S/Moscow Aeroflot/2005/})
10... O-O $146 (10... Qc8 $5 11. b3 Bh3 12. Rb1 Ne5 13. Nd5 Bxg2 14. Kxg2 Nxd5
15. cxd5 Nd7 16. Bg5 Bf6 17. Bf4 O-O 18. Ne3 Ne5 19. Rc1 Qd7 20. Qd2 {Psakhis,
L-Huzman,A/Haifa rpd/2000/} Rfc8 21. Qa5 a6 22. Qb6 Ng4 $11 {Psakhis}) 11. Bg5
Ne5 (11... Qa5 $5 12. Qd2 Rfc8 {is more active.}) 12. b3 Bc6 13. Qd2 Qd7 14.
Rac1 Rfc8 15. Rfd1 Qd8 16. Nb4 $1 $14 {[%csl Rd5] ()[+],><d5 Slow play by
Black led exactly to the position he was trying to avoid by his 9th move:
White controls the d5-square and has more central space.} Bxg2 17. Kxg2 Nh7 18.
Bh6 Bh8 19. f3 Rab8 20. Nbd5 b6 21. Be3 Rb7 22. Bd4 Nf8 23. f4 Ng4 24. Bxh8
Kxh8 25. Ne3 (25. e4 $5 Nd7 26. Ne3 $36) 25... Nxe3+ 26. Qxe3 Qd7 (26... Nh7
$142 27. Nd5 Rd7 $14 {/\e6}) 27. Nd5 Nh7 28. Qd4+ Kg8 29. e4 Qc6 30. Kh2 Rd7 (
30... e6 31. Ne3 $5 {[%cal Yg3g4] /\g4->} (31. Nc3 $36)) 31. f5 e6 32. fxe6 {
Relieves the tension and eases the defence.} (32. Nb4 Qc5 $132) (32. Nc3 $142
$1 $36 {[%cal Ye4e5] /\e5} Qc5 $6 33. Qxc5 bxc5 34. fxe6 fxe6 35. e5 $16) (32.
Ne3 e5 33. Qd3 $1 Nf6 34. Nd5 Ng4+ 35. Kg2 gxf5 36. Rf1 $1 $44) 32... fxe6 33.
Nf6+ {Now White's edge peters out.} (33. Nc3 Rf8 $132 {[%cal Gf8f1] <->f}) (33.
Nf4 $142 $5 {/\} e5 34. Qd5+ Rf7 35. Qxc6 Rxc6 36. Nd5 $14) 33... Nxf6 34. Qxf6
Qxe4 35. Re1 Qf5 36. Qxe6+ (36. Rxe6 Qxf6 37. Rxf6 Kg7 $11 {leads to a similar
_|_.}) 36... Qxe6 37. Rxe6 Kf7 38. Re2 (38. Rce1 Rc5 $11 (38... d5 $132)) 38...
Rc5 $11 39. Rf1+ Kg7 40. Rd1 (40. a4 Re5 $11) 40... b5 $1 41. cxb5 Rxb5 42. Kg2
(42. Red2 Rc5 $11) 42... Rf5 43. Re6 Rc5 (43... d5 $5 $11) 44. Rd2 (44. Rexd6
Rxd6 45. Rxd6 Rc2+ $11) 44... Kf7 45. Re4 d5 46. Rf4+ Kg7 47. b4 Rc3 48. a4 a6
49. Rfd4 Rb7 50. b5 axb5 51. Rb4 (51. axb5 Rxb5 52. Rxd5 $11) (51. Rb4 Rc4 52.
Rxb5 Ra7 53. a5 d4 54. Rd5 Ra4 $11) 1/2-1/2

[Event "Sanjin Hotel Cup"]
[Site "Taiyuan"]
[Date "2004.07.17"]
[Round "1"]
[White "Bu, Xiangzhi"]
[Black "Zhang, Zhong"]
[Result "1/2-1/2"]
[WhiteElo "2620"]
[BlackElo "2603"]
[Annotator "Stohl,I"]
[PlyCount "62"]
[EventDate "2004.07.17"]
[EventType "tourn"]
[EventRounds "9"]
[EventCountry "CHN"]
[EventCategory "16"]
[SourceTitle "CBM 102"]
[Source "ChessBase"]
[SourceDate "2004.09.23"]
[SourceVersion "1"]
[SourceVersionDate "2004.09.23"]
[SourceQuality "1"]

1. Nf3 c5 2. c4 Nc6 3. d4 cxd4 4. Nxd4 Qb6 ({It's better to play this sortie
only after} 4... Nf6 $142 5. Nc3 (5. g3 Qb6 6. Nb5 $5 $13 (6. Nc2 e6 7. Bg2 d5
8. O-O dxc4 9. Nba3 $44)) 5... e6 6. g3 {-A33 , when} ({After} 6. a3 {Black's
best is probably} Bc5 7. Nb3 Be7 $132) 6... Qb6 $13 {is the complex main line.
Now White can avoid all this.}) 5. Nb3 e6 (5... d6 6. Nc3 $14) 6. Nc3 Nf6 7. a3
$1 {[%cal Ye2e4,Yc1e3] /\e4,Be3() White avoids the g3 lines altogether and
transposes to a line, in which the Q is exposed on b6. By preventing Bb4 he
prepares e4.} Be7 (7... d5 8. Be3 $1 Qd8 9. cxd5 $14 {gives White a
comfortable version of a Tarrasch Defence position.}) (7... Ne5 8. Be3 Qd8 9.
Bf4 $5 d6 (9... Nxc4 10. e4 d5 11. Bxc4 dxc4 12. Nb5 $5 $40) 10. c5 a6 11. e3
Qc7 12. cxd6 Qxd6 13. Be2 Be7 14. O-O O-O 15. Rc1 Qxd1 16. Rfxd1 Nc6 17. Bd6 (
17. Na4 $142 $1 $16) 17... Bxd6 18. Rxd6 Rd8 19. Rxd8+ Nxd8 20. Na4 Bd7 21. Nb6
Rb8 22. Nxd7 Nxd7 23. Rc7 Nb6 24. Nc5 Nd5 25. Rd7 a5 26. Bb5 $36 {_|_,Speelman,
J-Sax,G/Thessaloniki olm/1988/}) (7... d6 8. e4 Be7 9. Be2 O-O 10. O-O a6 11.
Be3 Qd8 $5 (11... Qc7 12. Rc1 $36 {gives White a pleasant version of a
Hedgehog position, his pieces are in the right postions, while Black still
needs a couple of move to develop his. We'll see something similar in the game,
but to a lesser extent.} Nb8 13. f4 b6 14. Bf3 Bb7 15. Nd4 Nbd7 16. f5 e5 17.
Nde2 Rfc8 18. g4 h6 19. Ng3 Qd8 20. Qe2 Rc7 21. Nd5 Nxd5 22. exd5 Rb8 23. Ne4
$16 {(),Vera,R-Larduet,C/Matanzas/1997/}) 12. f3 (12. f4 $142 $5 $36 {()[+]>>})
12... b6 13. Qe1 Rb8 14. Qf2 Ne5 15. Rac1 Ned7 16. Nd2 Bb7 17. b4 Re8 18. Rfd1
Qc7 19. Bf1 Ba8 20. Kh1 Rbc8 21. Na4 Bd8 22. Nb3 Qb8 $14 {/<=>~~,Janjgava,
L-Cramling,P/EU-chT Debrecen/ 1992/}) 8. e4 O-O 9. Be2 (9. Be3 Qd8 $5 10. Be2
b6 11. O-O Bb7 12. Rc1 d6 13. f3 (13. f4 $142) 13... Rc8 14. Nd4 Ne5 15. Qa4 a6
16. Rfd1 Qc7 17. b4 Qb8 18. Qb3 Rfe8 19. Bf1 Ned7 20. Bf2 Bd8 21. Qa2 Bc7 22.
h3 Bd8 23. a4 Ne5 $13 {1/2,Ornstein,A-Karlsson,L/Borlange/1992/}) 9... Qc7 {
On c7 the Q is vulnerable to ideas, connected with Nd5.} ({Black still doesn't
want to go to the Hedgehog from the above note to 7...d6 with} 9... d6 10. Be3
Qd8 $14) 10. O-O b6 11. Be3 Bb7 (11... Ba6 12. Rc1 Rac8 13. f4 $1 Rfd8 14. e5
Ne8 15. Nd5 $1 Qb8 16. Nxe7+ Nxe7 17. c5 (17. Bd3 $5 $36) 17... Nd5 $132 {
1/2,Sammalvuo,T-Lalic,B/Cappelle la Grande/2002/}) 12. Rc1 Rac8 ({With the Q
on c7 it's already too late to strive for the typical set-up with} 12... d6 13.
Nd5 $1 Qd8 (13... exd5 14. cxd5 $16 Nxe4 15. dxc6 Bxc6 $2 16. Nd4 $18) 14.
Nxe7+ Qxe7 15. f3 $14 {[%csl Ge2,Ge3] |^^^}) 13. c5 $1 $36 {-><< Black is late
getting in d6 and White gets too much play on the queenside.} bxc5 14. Nxc5 Ba8
(14... Rfd8 15. Qa4 (15. Nxb7 Qxb7 16. b4 $16) 15... Ba8 16. Nb5 (16. b4 $5 $36
) 16... Qb8 17. Na6 Qe5 18. f4 Qxe4 19. Qxe4 Nxe4 20. Nxa7 Nxa7 21. Bxa7 Bf6
$132 {Tratar,M-Rogulj,B/Kastav/2002/}) 15. b4 d6 16. Nb3 Qb8 17. f3 ({
Interesting was also the energetic} 17. f4 Bd8 $1 (17... Rfd8 $2 18. b5 $18 {
[%csl Rc6]}) 18. Qd2 (18. Ba6 Bb6 19. Qe2 $14 {()}) 18... Bb6 19. Kh1 $14 {()})
17... Rfd8 18. Ba6 (18. b5 $5 Ne5 19. Qd4 Rc7 (19... a6 20. b6 $36) 20. Na2 $5
$36) (18. Qe1 d5 19. exd5 Nxd5 20. Nxd5 Rxd5 21. Qf2 a5 $5 $132 {/\} 22. Ba6 (
22. b5 Bxa3 $1) 22... Bb7 23. Rxc6 Rxc6 24. Bxb7 Qxb7 25. Nxa5 Rxa5 26. bxa5
Qb5 $11) (18. f4 $5 {()}) 18... Rc7 19. Qe2 {White wants to avoid
complications, but probably squanders a part of his advantage.} (19. f4 $1 d5 (
19... Bb7 20. Bxb7 Qxb7 21. b5 Nb8 22. Qd3 $16) 20. e5 $5 (20. b5 $2 d4 $1 $17)
(20. exd5 $14) 20... d4 (20... Ne4 21. Nb5 $16 (21. Nxe4 dxe4 22. Qe2 $16)) 21.
Nxd4 Nxd4 22. Bxd4 Rcd7 23. Ne2 Ne4 (23... Rxd4 24. Nxd4 Qb6 25. exf6 Bxf6 26.
Qe2 $16) 24. Qd3 $16 {[%cal Ra6b5,Rd3e3] /\Qe3,Bb5}) 19... d5 20. exd5 Nxd5 21.
Nxd5 Rxd5 22. Kh1 Bd6 $6 {[%csl Rd5] צd5 Black intended to use his R on the
>> anyway, but this plan is dubious and it will get into trouble.} (22... Rd8
$14) (22... Bf6 $5) 23. Bc4 Rh5 24. f4 $36 g6 (24... Rh3 25. Nc5 $16) (24...
Rf5 25. Bd3 Rd5 26. Be4 $16) 25. Nc5 {[%cal Rc5a6] /\Na6} Qd8 (25... Qf8 26.
Ne4 $36) 26. Qf2 Ne7 27. Be2 Rf5 28. Rcd1 $6 (28. Bg4 $142 Bxc5 (28... Rd5 $2
29. Nxe6 $1 fxe6 30. Bxe6+ Kf8 (30... Kg7 31. Qb2+ $18) 31. Qh4 $18 {->}) (
28... Bd5 29. Qb2 $5 $16) 29. Bxc5 Rd5 30. Rfd1 $5 $36 {/\} (30. Bxa7 Rd2 (
30... Rxc1 31. Rxc1 Rd2 32. Be2 $36) 31. Rcd1 Rcd7 32. Rxd2 Rxd2 33. Be2 $14)
30... Rcd7 31. Rxd5 Rxd5 $6 32. Bxe7 Qxe7 33. Rc8+ Rd8 34. Rxd8+ Qxd8 35. Qxa7
$16 {/+-}) 28... Rd5 {Black now exchanges his troublesome R and gets realistic
<=>.} 29. Bf3 (29. Bd4 Nf5 30. Be5 Qe7 $13) (29. Qh4 $5 Qf8 $132) 29... Rxd1
30. Rxd1 Bxf3 31. Qxf3 Nd5 $11 (31... Nd5 32. Ne4 Bf8 33. Bd4 (33. Bc5 Bg7 $11)
33... Qc8 $11) 1/2-1/2